[Event "Ch Greece"]
[Site "masterchessopen.com Athens (Greece)"]
[Round "1"]
[White "Nikolaidis Ioannis (GRE)"]
[Black "Argiroudis Stamatis (GRE)"]
[Result "1-0"]
[WhiteElo "2505"]
[BlackElo "2167"]

1.d4 Nf6 2.c4 e6 3.g3 d5 4.Nf3 Be7 5.Bg2 O-O 6.O-O c6 7.Qc2 b6 8.Nbd2 Bb7 9.e4
dxe4 10.Nxe4 Nxe4 11.Qxe4 Nd7 12.Rd1 Nf6 13.Qc2 Qc8 14.c5 Nd5 15.Bg5 Qc7
16.Rac1 f6 17.Bd2 bxc5 18.dxc5 e5 19.Nh4 Bc8 20.Be4 g6 21.Bxg6 f5 22.Bh5 Bxh4
23.gxh4 f4 24.Kh1 Bf5 25.Qc4 Qe7 26.Bf3 Rad8 27.Rg1+ Kh8 28.Rce1 Qxh4 29.Bc3
Nxc3 30.Qxc3 Qf6 31.Rxe5 Bg6 32.Rd1 Rxd1+ 33.Bxd1 Kg8 34.Bb3+ Bf7 35.Bxf7+
Rxf7 36.Re8+ Kg7 37.Qxf6+ Kxf6 38.Rc8 Ke5 39.Rxc6 Ke4 40.Kg2 Rg7+ 41.Kf1 Rg5
42.b4 Rh5 43.Re6+ Kf3 44.Ra6 Rxh2 45.Ra3+ Ke4 46.Kg1 Rh6 47.b5 Rg6+ 48.Kf1 Kd4
49.c6 Rg7 50.Rxa7 Rxa7 51.b6 Rxa2 52.c7 f3 53.Kg1 Rc2 54.b7 Rxc7 55.b8=Q Rg7+
56.Kh2 Rg2+ 57.Kh3 Kd3 58.Qa7 Ke2 59.Qe3+ Kf1 60.Qxf3 {#r} 1-0

[Event "It (matches)"]
[Site "masterchessopen.com Cannes (France)"]
[Round "1"]
[White "Govciyan Pavel (FRA)"]
[Black "Muller Anne (FRA)"]
[Result "0-1"]
[WhiteElo "2430"]
[BlackElo "2115"]

1.d4 Nf6 2.c4 e6 3.g3 Be7 4.Bg2 d5 5.Nf3 c6 6.O-O O-O 7.Qc2 b6 8.Rd1 Nbd7
9.Nc3 Ba6 10.cxd5 cxd5 11.Bf4 b5 12.a3 Qb6 13.b4 Rfc8 14.Qd3 Rc4 15.Rac1 Rac8
16.e3 Ne4 17.Na2 Bb7 18.h4 a5 19.Nd2 Nxd2 20.Qxd2 axb4 21.axb4 Nf6 22.Bf1 Ne4
23.Qb2 R4c6 24.f3 Nd6 25.Bxd6 Bxd6 26.Kg2 Bb8 27.Rxc6 Bxc6 28.Rc1 e5 29.Nc3
exd4 30.Nxd5 Qb7 31.Qxd4 Ba7 32.Qd2 Re8 33.e4 Bxd5 34.Qxd5 Qb6 35.Qxb5 Qg1+
36.Kh3 Rf8 37.Rc2 Qh1+ 38.Kg4 g6 39.Bg2 h5+ 40.Kg5 Qe1 41.Kf4 Be3+ 42.Ke5
Qxg3+ 43.Kd5 Rd8+ 44.Kc4 Rc8+ 45.Kd3 Rxc2 46.Kxc2 Qxg2+ 47.Kb3 Qxf3 48.Qe8+
Kg7 49.Ka4 Qd1+ 50.Ka5 Qa1+ 51.Kb5 Qf6 52.e5 Qb6+ 53.Ka4 Qa6+ 54.Kb3 Qe6+ {#R}
0-1

[Event "It (open)"]
[Site "masterchessopen.com Schwabisch Gmund (Germany)"]
[Round "2"]
[White "Podzielny Karl-Heinz (GER)"]
[Black "Haag Ulrich (GER)"]
[Result "1-0"]
[WhiteElo "2512"]
[BlackElo "2266"]

1.d4 d5 2.Nf3 Nf6 3.c4 e6 4.g3 Be7 5.Bg2 O-O 6.O-O c6 7.Qc2 b6 8.Rd1 Bb7 9.Nc3
Nbd7 10.e4 Rc8 11.Ne5 a6 12.Bf4 Nh5 13.Be3 Nhf6 14.Nxd7 Qxd7 15.e5 Ne8 16.Na4
Qc7 17.cxd5 exd5 18.Rac1 g6 19.Qb3 b5 20.Nc5 Ng7 21.Bh6 Rfd8 22.Bh3 Bxc5
23.Rxc5 Ne6 24.Rcc1 Qe7 25.Bxe6 Qxe6 26.Bg5 Rd7 27.Rc5 Re8 28.Bf6 h6 29.Kg2
Qf5 30.Re1 Qxf6 31.exf6 Rxe1 32.Rc3 Re6 33.Re3 Rxf6 34.Re8+ Kg7 35.Qb4 Rfd6
36.Rb8 Re6 37.Qf8+ Kf6 38.Qxh6 Ree7 39.Qf4+ Kg7 40.Qh4 {#r} 1-0

[Event "Czech League 1999/00 (2nd)"]
[Site "masterchessopen.com Czech Republic"]
[Round "0"]
[White "Jirovsky Pavel (CZE)"]
[Black "Dolezal Radoslav (CZE)"]
[Result "1-0"]
[WhiteElo "2348"]
[BlackElo "2359"]

1.d4 d5 2.Nf3 Nf6 3.c4 e6 4.g3 Be7 5.Bg2 O-O 6.O-O c6 7.Qc2 b6 8.Rd1 a5 9.b3
Na6 10.Bb2 Nb4 11.Qc1 Bb7 12.a3 Na6 13.Nbd2 Rc8 14.Qb1 Qc7 15.e4 dxe4 16.Nxe4
Nxe4 17.Qxe4 c5 18.d5 Rfe8 19.Qg4 Bf8 20.d6 Bxf3 21.Bxf3 Qd7 22.Bb7 Qxb7 23.d7
Nb8 24.dxc8=Q Qxc8 25.Rd3 Nc6 26.Rad1 f5 27.Qf3 Re7 28.Re1 Rd7 29.Qd1 Rc7
30.Rde3 Nd8 31.h4 Rf7 32.f4 Rc7 33.Kh2 Kf7 34.Qe2 Re7 35.Rd1 Rc7 36.Be5 Rb7
37.Bd6 Bxd6 38.Rxd6 h6 39.Qd2 Nc6 40.Rdxe6 {#r} 1-0

[Event "Ch Hungary (university)"]
[Site "masterchessopen.com Hungary"]
[Round "0"]
[White "Kerek Csaba (HUN)"]
[Black "Horvath Peter_ (HUN)"]
[Result "1-0"]
[WhiteElo "2381"]
[BlackElo "2450"]

1.d4 d5 2.Nf3 Nf6 3.c4 e6 4.g3 Be7 5.Bg2 O-O 6.O-O c6 7.Qc2 b6 8.Nc3 Bb7 9.e4
dxc4 10.Rd1 Qc8 11.e5 Nd5 12.Ne4 b5 13.Nfg5 g6 14.h4 h6 15.Nh3 Kg7 16.h5 Nd7
17.Qe2 f5 18.exf6+ N7xf6 19.hxg6 Qe8 20.Nxf6 Bxf6 21.Nf4 Nxf4 22.Bxf4 Qd7
23.Be4 Rad8 24.Kg2 Rh8 25.Rh1 c5 26.Bxh6+ Kg8 27.Bxb7 Qxb7+ 28.f3 Qd5 29.dxc5
Qd2 30.Bxd2 {#r} 1-0

[Event "Ch Russia (club) (1 liga)"]
[Site "masterchessopen.com Korolev (Russia)"]
[Round "4"]
[White "Lavrov Andrey (RUS)"]
[Black "Shaposhnikov Evgeny (RUS)"]
[Result "1-0"]
[WhiteElo "2372"]
[BlackElo "2544"]

1.d4 Nf6 2.c4 e6 3.g3 d5 4.Bg2 Be7 5.Nf3 O-O 6.Qc2 c6 7.O-O b6 8.Nbd2 Nbd7
9.e4 Ba6 10.b3 Rc8 11.Bb2 c5 12.exd5 exd5 13.dxc5 Bxc5 14.Qf5 dxc4 15.Nxc4
Bxc4 16.bxc4 Qc7 17.Rad1 Rfe8 18.Ng5 Re7 19.Ne4 Nxe4 20.Bxe4 Nf8 21.Rd3 Rce8
22.Bd5 Ng6 23.Rf3 Bd6 24.Kg2 Rd7 25.Rd1 Be5 26.Re1 Ree7 27.Ba3 Re8 28.Rfe3 b5
29.f4 bxc4 30.Bf3 Rd2+ 31.R1e2 Rxe2+ 32.Rxe2 Qa5 33.Bd6 c3 34.fxe5 Qb5 35.Rc2
Qb1 36.Qe4 Rc8 37.Kh3 Qf1+ 38.Bg2 Qd1 39.Qf5 Rc4 40.Rf2 {#r} 1-0

[Event "Ch Croatia (team) (2nd league)"]
[Site "masterchessopen.com Pula (Croatia)"]
[Round "6"]
[White "Golubovic Boris (CRO)"]
[Black "Grosar Aljosa (SLO)"]
[Result "1-0"]
[WhiteElo "2466"]
[BlackElo "2447"]

1.d4 d5 2.Nf3 Nf6 3.c4 e6 4.g3 Be7 5.Bg2 O-O 6.O-O c6 7.Qc2 b6 8.Rd1 Nbd7 9.b3
Bb7 10.Nc3 Rc8 11.e4 dxe4 12.Ne5 h6 13.Be3 c5 14.Nxd7 Nxd7 15.d5 exd5 16.Nxd5
f5 17.Bxe4 fxe4 18.Qxe4 Bf6 19.Nxf6+ Qxf6 20.Qxb7 Ne5 21.f4 Ng4 22.Qf3 Qc3
23.Qxg4 Qxe3+ 24.Kg2 Rcd8 25.Qf3 Rd2+ 26.Rxd2 Qxd2+ 27.Qf2 Rd8 28.Re1 a5
29.Re2 Qd3 30.Qf3 Qb1 31.Qc6 Qd1 32.Rf2 Qe1 33.Qf3 Rd2 34.Rxd2 Qxd2+ 35.Qf2
Qd3 36.Kh3 a4 37.Qb2 Qf5+ 38.Kg2 Qe4+ 39.Kf2 Qh1 40.Ke3 Qe1+ 41.Kd3 a3 42.Qd2
Qb1+ 43.Ke3 Qg1+ 44.Kf3 Qf1+ 45.Kg4 Qa1 46.Qd5+ Kh7 47.Qe4+ g6 48.Qe7+ Kg8
49.Qe8+ Kh7 50.Qf7+ Kh8 51.Qxg6 Qxa2 52.Qxh6+ Kg8 53.Qe6+ Kf8 54.f5 Qxb3
55.Kg5 Qc3 56.Qc8+ Ke7 57.Qc7+ Ke8 58.Qc8+ Ke7 59.Qc7+ Ke8 60.Kg6 Qf3 61.Qc8+
Ke7 62.Qe6+ Kd8 63.f6 a2 64.Qxb6+ Kd7 65.Qa7+ Kd6 66.Qxa2 Qe4+ 67.Kg7 Qg4+
68.Kh6 Ke6 69.Qa6+ Kf7 70.Qb7+ Kxf6 71.Qc6+ Kf7 72.Qd5+ Kf6 73.Qd6+ Kf7
74.Qf4+ Qxf4+ 75.gxf4 Kf6 76.h4 Kf5 77.Kg7 {#r} 1-0

[Event "It (open)"]
[Site "masterchessopen.com Riazor (Spain)"]
[Round "7"]
[White "Fernandez Saavedra Jose Luis (ESP)"]
[Black "Piankov Evgenij (UKR)"]
[Result "0-1"]
[WhiteElo "2095"]
[BlackElo "2365"]

1.d4 d5 2.Nf3 Nf6 3.c4 e6 4.g3 Be7 5.Bg2 O-O 6.O-O c6 7.Qc2 b6 8.b3 a5 9.Bb2
Ra7 10.Nc3 Ba6 11.Nd2 Rd7 12.Rfd1 c5 13.e3 cxd4 14.exd4 Nc6 15.Ne2 a4 16.bxa4
Na5 17.Nf4 Nxc4 18.Nf3 Rc7 19.Qb3 Qd6 20.Nd3 Na5 21.Ba3 Qxa3 22.Qxb6 Rc6
23.Qxa5 Bxd3 24.Ne5 Ra6 {#R} 0-1

[Event "It (open)"]
[Site "masterchessopen.com Vrsac (Yugoslavia)"]
[Round "3"]
[White "Simic Radoslav (SRB)"]
[Black "Marcetic Nikola (SRB)"]
[Result "1-0"]
[WhiteElo "2432"]
[BlackElo "2359"]

1.Nf3 d5 2.d4 Nf6 3.c4 e6 4.g3 Be7 5.Bg2 O-O 6.O-O c6 7.Qc2 b6 8.Nbd2 Bb7
9.Rd1 Nbd7 10.e4 Nxe4 11.Nxe4 dxe4 12.Qxe4 Nf6 13.Qe2 Qc8 14.Bf4 Re8 15.Bh3 h6
16.Ne5 Bf8 17.Rac1 Nd7 18.d5 Nxe5 19.Qxe5 g5 20.dxe6 fxe6 21.Bxg5 c5 22.Bf6
Qc6 23.f3 Rac8 24.Re1 Rc7 25.Bxe6+ Rxe6 26.Qxe6+ Qxe6 27.Rxe6 Kf7 28.Be5 Rd7
29.Rf6+ Kg8 30.Re1 {#r} 1-0

[Event "Ch Georgia (1 Liga)"]
[Site "masterchessopen.com Tbilisi (Georgia)"]
[Round "3"]
[White "Tskitishvili Irakli (GEO)"]
[Black "Kakulia Shalva (GEO)"]
[Result "1-0"]
[WhiteElo "2204"]
[BlackElo "2167"]

1.d4 d5 2.Nf3 Nf6 3.c4 e6 4.g3 Be7 5.Bg2 c6 6.Qc2 O-O 7.O-O b6 8.b3 Bb7 9.Bb2
Nbd7 10.Nbd2 Rc8 11.e4 dxe4 12.Nxe4 c5 13.Nxf6+ Bxf6 14.Ng5 Bxg5 15.Bxb7 Rc7
16.Bg2 cxd4 17.Bxd4 Nc5 18.Qc3 Rd7 19.Rad1 Re8 20.Bc6 Ree7 21.Bxd7 Rxd7 22.Qa1
Ne4 23.f4 Be7 24.Kg2 Qa8 25.Kh3 Qd8 26.Be3 Bf6 27.Rxd7 Qxd7 28.Qc1 {#r} 1-0

[Event "Bayern Regionalliga Northwest 2000/01"]
[Site "masterchessopen.com Germany"]
[Round "1"]
[White "Ksieski Zbigniew (POL)"]
[Black "Horther Heinrich (GER)"]
[Result "1-0"]
[WhiteElo "2420"]
[BlackElo "2347"]

1.d4 e6 2.c4 d5 3.Nf3 Nf6 4.g3 Be7 5.Bg2 O-O 6.O-O c6 7.Qc2 b6 8.b3 Bb7 9.Nc3
Nbd7 10.Rd1 Rc8 11.e4 dxe4 12.Nxe4 Nxe4 13.Qxe4 Nf6 14.Qc2 Qc7 15.Bf4 Bd6
16.Bxd6 Qxd6 17.c5 Qe7 18.Ne5 Nd5 19.Be4 h6 20.Rac1 Rfd8 21.Bh7+ Kh8 22.Bg6 f5
23.Bxf5 {#r} 1-0

[Event "Match (team) (juniors) (under 16)"]
[Site "masterchessopen.com Lima/Guayaquil"]
[Round "3"]
[White "Morales Mendoza Luciana (PER)"]
[Black "Mieles Palau Daniel (ECU)"]
[Result "0-1"]
[WhiteElo "2135"]
[BlackElo "2420"]

1.d4 d5 2.Nf3 Nf6 3.c4 e6 4.g3 Be7 5.Bg2 O-O 6.O-O c6 7.Qc2 b6 8.b3 Bb7 9.Rd1
Nbd7 10.Nc3 Rc8 11.e4 dxe4 12.Nxe4 c5 13.Nxf6+ Bxf6 14.Ng5 Bxg5 15.Bxb7 Rc7
16.Bg2 cxd4 17.Bxg5 Qxg5 18.Rxd4 e5 19.Qd2 Qe7 20.Re1 Nf6 21.f4 exd4 22.Rxe7
Rxe7 23.Qxd4 Rd7 24.Bd5 Nxd5 25.cxd5 Rfd8 26.Qa4 h6 27.b4 Rc7 28.a3 Re7 29.Qc6
Red7 30.Qa4 Rxd5 31.Qxa7 Rd2 32.Qe7 Rc8 33.Qe1 Ra2 34.h4 h5 35.Qd1 Rc3 36.Qe1
Rc8 37.Qd1 Rcc2 38.Qd8+ Kh7 39.Qd3+ g6 40.Qf1 f5 41.Qe1 Kh6 42.Qd1 Rg2+ 43.Kf1
Raf2+ 44.Ke1 Rg1+ {#R} 0-1

[Event "Moravian League 2002/03 (1st)"]
[Site "masterchessopen.com Czech Republic"]
[Round "1"]
[White "Lahner Jakub (CZE)"]
[Black "Nabelek Marek (CZE)"]
[Result "1-0"]
[WhiteElo "2241"]
[BlackElo "2086"]

1.d4 d5 2.c4 e6 3.Nf3 Nf6 4.g3 Be7 5.Bg2 O-O 6.O-O c6 7.Qc2 b6 8.Ne5 Bb7 9.b3
Nbd7 10.Bb2 Rc8 11.Rd1 Qc7 12.Nxd7 Nxd7 13.Nc3 Nf6 14.Rac1 Rfd8 15.e3 Qb8
16.Qb1 Qa8 17.e4 dxe4 18.Nxe4 Nxe4 19.Qxe4 Rd7 20.c5 bxc5 21.dxc5 Rxd1+
22.Rxd1 Rd8 23.Rxd8+ Qxd8 24.Qd4 Qf8 25.Qd7 Bc8 26.Qxa7 Bxc5 27.Qc7 Ba6
28.Qxc6 Be2 29.Be4 h6 30.Bc2 g6 31.Bxg6 Bg4 32.Qe4 fxg6 33.Qxg6+ {#r} 1-0

[Event "It (open)"]
[Site "masterchessopen.com Issy Les Moulineaux (France)"]
[Round "1"]
[White "Pascal Pierre (FRA)"]
[Black "Akl Nabil (FRA)"]
[Result "0-1"]
[WhiteElo "2193"]
[BlackElo "2191"]

1.d4 Nf6 2.c4 e6 3.g3 d5 4.Bg2 Be7 5.Nf3 O-O 6.O-O c6 7.Qc2 b6 8.Rd1 Bb7 9.b3
a5 10.Nc3 Nbd7 11.Bb2 Rc8 12.Rac1 b5 13.cxb5 cxb5 14.Qd3 b4 15.Na4 Ne4 16.Rxc8
Bxc8 17.Rc1 Bb7 18.Ne5 Nb8 19.Qc2 Bd6 20.f3 Nf6 21.Nc5 Bc8 22.e4 dxe4 23.fxe4
Bxe5 24.dxe5 Nfd7 25.Nxd7 Bxd7 26.Bd4 Qg5 27.Rd1 Rc8 28.Qf2 Rc1 29.Rxc1 Qxc1+
30.Qf1 Qc2 31.h4 Nc6 32.Qa1 Qd3 33.Bf2 h5 34.Kh2 Qc3 35.Qd1 Nxe5 36.Qxh5 Qb2
37.Be3 Bc6 38.Bc1 Qd4 39.Qe2 Nd3 40.Be3 Qc3 41.h5 a4 42.bxa4 Bxa4 43.h6 Ne5
44.hxg7 Qxe3 45.Qh5 Qh6 {#R} 0-1

[Event "Tournament \"]
[Site "masterchessopen.com New York (USA)"]
[Round "3"]
[White "Figler Ilye (USA)"]
[Black "Ashley Maurice (USA)"]
[Result "0-1"]
[WhiteElo "2360"]
[BlackElo "2485"]

1.d4 Nf6 2.c4 e6 3.g3 d5 4.Bg2 Be7 5.Nf3 O-O 6.O-O c6 7.Qc2 b6 8.Nc3 Nbd7 9.e4
Ba6 10.b3 Rc8 11.Rd1 Bb7 12.e5 Ne8 13.h4 Nc7 14.Ng5 Bxg5 15.hxg5 c5 16.dxc5
Nxc5 17.f4 Qe7 18.Ba3 Rfd8 19.Bf3 Ba8 20.Rd2 dxc4 21.Rh2 g6 22.Bxa8 cxb3
23.axb3 Nxa8 24.Ne4 Qb7 25.Nf6+ Kf8 26.Rxh7 Qf3 27.Kh2 Qe3 28.Rd1 Qf3 29.Bxc5+
{#R} 0-1

[Event "Ch Germany (juniors) (team) (under 16)"]
[Site "masterchessopen.com Winterberg (Germany)"]
[Round "9"]
[White "Claus Thomas (GER)"]
[Black "Mischke Christian (GER)"]
[Result "1-0"]
[WhiteElo "2057"]
[BlackElo "2026"]

1.d4 d5 2.c4 e6 3.Nf3 Nf6 4.g3 Be7 5.Bg2 c6 6.O-O O-O 7.Qc2 b6 8.Nbd2 Ba6 9.b3
Nbd7 10.e4 dxe4 11.Nxe4 Nxe4 12.Qxe4 Bb7 13.Rd1 Nf6 14.Qe2 Qc7 15.Bf4 Bd6
16.Be5 Nd7 17.Rd2 Rfd8 18.Rad1 Nxe5 19.Nxe5 Bxe5 20.dxe5 Rxd2 21.Qxd2 Rc8
22.Qd7 Kf8 23.Rd6 a5 24.Kf1 Qxd7 25.Rxd7 Ba8 26.Ke2 a4 27.b4 c5 28.Bxa8 Rxa8
29.b5 a3 30.Rb7 Ra4 31.Kd3 Rb4 32.Ra7 Rb2 33.Rxa3 Rxf2 34.Ra6 Rxh2 35.Rxb6
Rxa2 36.Ra6 Rb2 37.Kc3 Rb1 38.Rc6 h5 39.Rxc5 g5 40.Kc2 Rb4 41.Kc3 Rb1 42.Rc8+
Kg7 43.Ra8 h4 44.gxh4 gxh4 45.Ra2 Kg6 46.Kd4 Rh1 47.Kc5 h3 48.Kc6 Kf5 49.b6 h2
50.c5 Kxe5 51.b7 Rb1 52.Rxh2 f5 53.Kc7 Kd5 54.c6 f4 55.Rd2+ Kc5 56.Rc2+ {#r}
1-0

[Event "Oberliga Bayern 2002/03"]
[Site "masterchessopen.com Germany"]
[Date "2002.11.17"]
[Round "2"]
[White "Herb Stefan (GER)"]
[Black "Shekhter Dmitriy (GER)"]
[Result "0-1"]
[WhiteElo "2169"]
[BlackElo "2190"]

1.d4 d5 2.c4 e6 3.Nf3 Nf6 4.g3 Be7 5.Bg2 c6 6.O-O O-O 7.Qc2 b6 8.Nbd2 Bb7 9.b3
Nbd7 10.Bb2 Rc8 11.Rac1 c5 12.e3 dxc4 13.bxc4 Qc7 14.Qb1 Qb8 15.Ne5 Rfd8
16.Bxb7 Qxb7 17.Nxd7 Rxd7 18.f3 cxd4 19.exd4 Rdc7 20.a3 Rd7 21.Nb3 h5 22.Qd3
e5 23.d5 b5 24.Bxe5 bxc4 25.Rxc4 Rxc4 26.Qxc4 Nxd5 27.Bd4 Nb6 28.Qc1 Qd5
29.Qc3 Na4 30.Qe3 Rb7 31.Nd2 Nc5 32.Rc1 Ne6 33.Be5 Bc5 34.Rxc5 Qxc5 35.Qxc5
Nxc5 36.Bd4 {#R} 0-1

[Event "It"]
[Site "masterchessopen.com Bad Koenigshofen (Germany)"]
[Round "11"]
[White "Gasthofer Viktor (GER)"]
[Black "Gasthofer Alexander (GER)"]
[Result "0-1"]
[WhiteElo "2333"]
[BlackElo "2440"]

1.c4 e6 2.Nf3 d5 3.d4 Nf6 4.g3 Be7 5.Bg2 O-O 6.O-O c6 7.Qc2 b6 8.Nbd2 Nbd7
9.e4 Bb7 10.e5 Ne8 11.b3 Rc8 12.Bb2 c5 13.dxc5 Nxc5 14.Rfd1 Nc7 15.Rac1 Qe8
16.Qb1 dxc4 17.Nxc4 Be4 18.Qa1 Nd5 19.Nd6 Bxd6 20.exd6 f6 21.Rc4 Qh5 22.Nd4
Bxg2 23.Kxg2 e5 24.Nb5 e4 25.Nd4 Rcd8 26.Rxc5 bxc5 27.Ne6 Rxd6 28.Nxf8 Qf3+
{#R} 0-1

[Event "It \"]
[Site "masterchessopen.com Blackpool (England)"]
[Round "4"]
[White "Davies Nigel R (ENG)"]
[Black "Collins Sam E (IRL)"]
[Result "1-0"]
[WhiteElo "2523"]
[BlackElo "2387"]

{ Davies Nigel R (ENG) +2 =1 -1 } 1.d4 { 1 } 1...d5 2.c4 e6 3.Nf3 Nf6 4.g3 Be7
5.Bg2 O-O 6.Qc2 c5 7.O-O cxd4 8.Nxd4 { = } 8...Nc6 ( 8...Qb6 9.Nb3 Qc7 10.Bd2
b5 11.c5 Nc6 12.Nc3 Ba6 13.Bf4 Qc8 14.a4 bxa4 15.Rxa4 Nd7 16.Be3 Rb8 17.Rfa1
Bc4 18.Nd2 Nb4 19.Qd1 Bxc5 20.Bxc5 Nxc5 21.Rxa7 Ba6 22.Na4 Nxa4 23.Rxa4 Rb6
24.Qa1 Bb7 25.R7a5 Qc2 26.Nf3 Nc6 27.Nd4 Nxd4 28.Rxd4 { ...0-1, Velikov Petar
2485 - Wells Peter K 2415 , Toulouse 1990 It (open) } ) 9.Nxc6 ( 9.Rd1 Qb6
10.e3 Nxd4 11.exd4 dxc4 12.Nd2 Nd5 13.Nxc4 Qc7 14.Qb3 Rd8 15.Ne3 Nb6 16.a4 a5
17.Ng4 Nd5 18.Ne5 Bd7 19.Bxd5 exd5 20.Bf4 Qc8 21.Rac1 Bc6 22.Re1 Bf6 23.Nxc6
bxc6 24.Qc3 Re8 25.Qc5 h6 26.Rxe8+ Qxe8 27.Bc7 Ra6 28.Bxa5 Bxd4 { ...1-0,
Mikenas Vladas I 2410 - Bykhovsky Anatoly A 2440 , Tallinn 1965 Ch URS } )
9...bxc6 10.b3 a5 ( 10...e5 11.Bb2 e4 12.Nc3 Be6 13.Rfd1 Qb8 14.Rac1 Rc8
15.Na4 h5 16.Bd4 h4 17.Qd2 hxg3 18.hxg3 Ng4 19.Qb2 Bd6 20.cxd5 cxd5 21.Rxc8+
Bxc8 22.Qc3 Ba6 23.Bxg7 e3 24.f4 Bxf4 25.Rd4 Qb5 26.Rxf4 Qxe2 27.Bh6 Nxh6
28.Qf6 Qd1+ 29.Kh2 Qh5+ 30.Kg1 { ...0-1, Vekshenkov Nikolai 2360 - Baburin
Alexander 2550 , URS 1986 } ) 11.Nc3 Ba6 ( 11...Nd7 12.Rd1 Bf6 13.Ba3 Re8
14.Rac1 h6 15.cxd5 exd5 16.e4 Ne5 17.exd5 Bg4 18.dxc6 Bxd1 19.Rxd1 Qc8 20.Nd5
Ra6 21.Rc1 Kh8 22.Nxf6 gxf6 23.c7 Rae6 24.Bd5 { 1-0, Zlochevskij Alexander
2465 - Naumkin Igor 2455 , Celle Ligure 1995 It (open) } ) 12.Rd1 ( 12.Na4 Rc8
13.Rd1 Qc7 14.Be3 c5 15.cxd5 Nxd5 16.Bxd5 exd5 17.Rac1 Rfe8 18.Qd2 Qa7 19.Qxd5
Bxe2 20.Re1 Red8 21.Qe4 Bd3 22.Qe5 Bf6 23.Qf4 Bd4 24.Nxc5 Bxc5 25.Bxc5 Qa8
26.h4 h6 27.Kh2 Re8 28.Re3 Bb5 29.Ba3 Rxc1 30.Bxc1 Rxe3 31.Bxe3 Qd5 {
...1/2-1/2, Kurajica Bojan 2530 - Van Der Sterren Paul 2455 , Salonika 1984
Olympiad } ) 12...Qc7 ( 12...Qb6 13.Na4 Qb7 14.Rb1 Rfd8 15.Bd2 Bb4 16.Bg5 Be7
17.e4 dxe4 18.Bxf6 Bxf6 19.Qxe4 Rac8 20.Rxd8+ Rxd8 21.Qxc6 Qxc6 22.Bxc6 Be7
23.Kf1 Rd2 24.Rb2 Rd8 25.Ke2 Bb4 26.Rc2 Rd6 27.Bb5 Bb7 28.c5 Rd5 29.c6 Re5+
30.Kf1 Rxb5 31.cxb7 Rxb7 32.Rc8+ { ...1-0, Vaganian Rafael A 2645 - Dokhoian
Yury 2580 , Tilburg 1994 It "Interpolis" } ) ( 12...Nd7 13.Na4 Nb6 14.Nxb6
Qxb6 15.Be3 Bc5 { 1/2-1/2, Mochalov Evgeny V 2430 - Shariyazdanov Andrey 2530
, Minsk 1998 It (open) } ) 13.Na4 Rac8 ( 13...dxc4 14.bxc4 Rab8 15.Bd2 e5
16.Rab1 Rxb1 17.Rxb1 Nd7 18.Qe4 Nf6 19.Qc2 Nd7 20.Bc3 Bxc4 21.Bxa5 Qxa5
22.Qxc4 Rb8 23.Rd1 Nc5 24.Nxc5 Bxc5 25.e3 Qb5 26.Qxb5 cxb5 27.Rd5 Rc8 28.Rxe5
g6 29.Rd5 Rc7 30.g4 Kg7 31.Be4 b4 32.Kg2 Be7 33.Rb5 { ...1/2-1/2, Gulko Boris
F 2610 - Hjartarson Johann 2555 , Linares 1989 It } ) 14.Be3 { } ( 14.Bb2 Rfd8
15.Rac1 Qb8 16.Bc3 Bb4 17.e3 Nd7 18.a3 Bxc3 19.Qxc3 Qb4 20.Bf1 Qxc3 21.Rxc3
Ra8 22.cxd5 cxd5 23.Bxa6 Rxa6 24.Rdc1 g5 25.Rc8 Rxc8 26.Rxc8+ Kg7 27.h3 h5
28.Kf1 g4 29.h4 Ra7 30.Ke2 Ne5 31.Nc5 Kg6 32.Nd3 Nxd3 33.Kxd3 Rb7 {
...1/2-1/2, Razuvaev Yuri S 2515 - Geller Efim P 2455 , Vilnius 1980 Ch URS }
) 14...Nd7 { N } ( 14...c5 15.cxd5 Nxd5 16.Bxd5 exd5 17.Rac1 Rfe8 18.Qd2 Qa7
19.Qxd5 Bxe2 20.Re1 Red8 21.Qe4 Bd3 22.Qe5 Bf6 23.Qf4 Bd4 24.Nxc5 Bxc5 25.Bxc5
Qa8 26.h4 h6 27.Kh2 Re8 28.Re3 Bb5 29.Ba3 Rxc1 30.Bxc1 Rxe3 31.Bxe3 Qd5 32.Qd4
{ 1/2-1/2, Kurajica Bojan 2530 - Van Der Sterren Paul 2455 , Salonika 1984
Olympiad } ) 15.Rac1 Qb8 16.Bd2 Nb6 17.Nb2 a4 18.Rb1 a3 19.Nd3 Nd7 20.Rdc1 e5
21.Qc3 e4 22.Nf4 Nf6 23.Qa5 Qa8 24.Bh3 Rb8 25.cxd5 cxd5 26.Bc3 Rfd8 27.Be5 Rb5
28.Qc7 Bd6 { ?? } ( { ? } 28...Qb7 29.e3 Ne8 30.Qxb7 Bxb7 { } ) 29.Bxd6 Ne8
30.Qe7 Nxd6 31.Rc7 Rb7 32.Rbc1 Rxc7 33.Rxc7 Bb5 34.Be6 Be8 35.Bxd5 Qb8 36.Ne6
{ } {#r} 1-0

[Event "It (open)"]
[Site "masterchessopen.com Hallstahammar (Sweden)"]
[Round "6"]
[White "Bator Robert (SWE)"]
[Black "Hedman Erik (SWE)"]
[Result "1-0"]
[WhiteElo "2419"]
[BlackElo "2320"]

1.d4 Nf6 2.Nf3 e6 3.c4 d5 4.g3 Be7 5.Bg2 O-O 6.O-O c6 7.Qc2 b6 8.Nbd2 Bb7 9.e4
Nbd7 10.Re1 Rc8 11.e5 Ne8 12.cxd5 exd5 13.Nf1 c5 14.h4 cxd4 15.Qd1 Nc5 16.Nxd4
Nc7 17.Ne3 N7e6 18.Ndf5 d4 19.Nd5 Bxd5 20.Bxd5 Re8 21.Qf3 Bf8 22.Nxd4 Nd3
23.Bxe6 {#r} 1-0

[Event "Ch Bosnia & Herzegovina (team)"]
[Site "masterchessopen.com Jahorina (Bosnia & Herzegovina)"]
[Round "4"]
[White "Blagojevic Dragisa (MNE)"]
[Black "Privalov Y (RUS)"]
[Result "1-0"]
[WhiteElo "2527"]
[BlackElo "2348"]

{ } 1.d4 { 1 } 1...d5 2.c4 e6 3.Nf3 Nf6 4.g3 Be7 5.Bg2 O-O 6.Qc2 c6 7.O-O b6
8.b3 Bb7 9.Rd1 Nbd7 10.Nc3 { ?/= } 10...Qb8 { } ( 10...c5 11.cxd5 exd5 12.Bb2
Rc8 13.dxc5 Bxc5 14.e3 Re8 15.Qf5 Qe7 16.Rac1 Nf8 17.Nd4 g6 18.Qg5 Bxd4
19.exd4 Kg7 20.Bf1 h6 21.Qd2 N8h7 22.Re1 Qd7 23.f4 h5 24.Re5 Ng4 25.Rxe8 Rxe8
26.Re1 Nhf6 27.h3 Nh6 28.Re5 Nf5 29.Kf2 Nd6 30.Bg2 { ...1/2-1/2, Salov Valery
2656 - Bauer Christian 2480 , Enghien 1999 It (cat.15) } ) 11.e4 { N } (
11.Bb2 Rc8 12.Rac1 c5 13.cxd5 exd5 14.Qf5 g6 15.Qh3 c4 16.Ne5 Nf8 17.Ng4 Nxg4
18.Qxg4 Qd6 19.bxc4 Rxc4 20.Nxd5 Bxd5 21.Rxc4 Bxg2 22.f3 f5 23.Qf4 Qd5 24.Rc2
Ne6 25.Qc1 Bh3 26.Qh6 Ng5 27.Bc1 Nxf3+ 28.exf3 Qxf3 29.Re1 Bf6 30.Qe3 Qd5 {
...1-0, Cherniaev Alexander 2509 - Preissmann Emmanuel 2342 , Geneva 2002 It
(open) } ) 11...Nxe4 12.Nxe4 dxe4 13.Qxe4 c5 14.Qe2 Bf6 15.Bb2 Rd8 16.Rd2 cxd4
17.Bxd4 Bxd4 18.Nxd4 Bxg2 19.Kxg2 Qb7+ 20.Qf3 Qxf3+ 21.Kxf3 Nf6 22.Rad1 Rdc8
23.Nc6 Kf8 24.Ne5 Ke7 { ?! } ( 24...a6 { !? } 25.a4 Rc5 26.Nd7+ Nxd7 { } )
25.Rd6 Rc7 26.Nc6+ Kf8 27.Rd8+ { ! } ( 27.Ne5 { ? } 27...Rac8 28.R6d4 Ke8
29.Kg2 { } ) 27...Rxd8 28.Rxd8+ Ne8 29.Nd4 Ke7 30.Ra8 a5 { ?! } ( 30...Nd6 {
!? } 31.Rxa7 Rxa7 32.Nc6+ Kd7 { } ) 31.Rb8 a4 32.Rxb6 axb3 33.axb3 Rd7 34.Ke3
g6 35.b4 Nd6 36.Rc6 Rb7 37.b5 Kd7 { ?! } ( 37...e5 { !? } 38.Nb3 Rb6 39.Na5
Rxc6 { } ) 38.Kd3 e5 39.Nc2 { ?! } ( 39.Nb3 { !? } 39...Ra7 40.Nc5+ Ke7 41.b6
{ } ) 39...Nxb5 { ?! } ( 39...Ra7 { !? } 40.Ra6 Rc7 41.Ne3 Nb7 { } ) 40.cxb5
Rxb5 41.Rc4 Rb2 42.Ke4 f6 43.Kf3 h5 44.Ne3 Rb3 45.Ra4 Rb6 46.Ra7+ Ke6 47.Rg7
g5 48.Rh7 h4 49.gxh4 gxh4 50.Re7+ { } {#r} 1-0

[Event "It (young masters) (Smith & Williamson) (b)"]
[Site "masterchessopen.com Millfield School (England)"]
[Round "4"]
[White "Combie Alexander (ENG)"]
[Black "Kononenko Daniil (RUS)"]
[Result "1-0"]
[WhiteElo "1994"]
[BlackElo "2151"]

1.d4 Nf6 2.c4 e6 3.g3 d5 4.Bg2 Be7 5.Nf3 O-O 6.O-O c6 7.Qc2 b6 8.Ne5 Bb7 9.a3
Nbd7 10.cxd5 cxd5 11.Nc6 Bxc6 12.Qxc6 Rc8 13.Qa4 Qc7 14.Nc3 Qb7 15.Rd1 Rc4
16.Qc2 b5 17.Qd3 Rfc8 18.Nxb5 a6 19.Nc3 Bd8 20.e4 Ba5 21.exd5 exd5 22.Ne2 Ne4
23.f3 Nd6 24.Bd2 Bb6 25.b3 R4c7 26.Bf4 Rc6 27.Rac1 Nb5 28.a4 Nd6 29.Bxd6 Rxd6
30.Rxc8+ Qxc8 31.Rc1 Rc6 32.Rxc6 Qxc6 33.Qe3 Nf8 34.f4 Qe6 35.Kf2 a5 36.Qe5
Nd7 37.Qxe6 fxe6 38.f5 exf5 39.Bxd5+ Kf8 40.Be6 Nb8 41.Bxf5 Kf7 42.Ke3 g6
43.Bd3 Ke6 44.Bc4+ Kd6 45.Bb5 Nc6 46.Bxc6 Kxc6 47.Nc3 Kd6 48.Ke4 Ke6 49.Nb5
Bd8 50.d5+ Kd7 51.Ke5 Ke7 52.d6+ Kd7 53.Kd5 Bb6 54.Nc3 Bg1 55.h3 Be3 56.Ne4 h6
57.Nf6+ Kd8 58.Kc6 Bd4 59.Nd5 g5 60.Nc7 Bf6 61.Ne6+ Ke8 62.d7+ Kf7 63.d8=Q
Bxd8 64.Nxd8+ Kf6 65.Nb7 Kf5 66.Nxa5 Ke4 67.Nc4 Kf3 68.a5 Kxg3 69.a6 Kxh3
70.a7 g4 71.a8=Q Kg3 72.Qg8 h5 73.Ne5 Kf4 74.Kd5 g3 75.b4 h4 76.Qg4+ Ke3
77.Qxh4 Kf2 78.Qf4+ Kg2 79.Ke4 {#r} 1-0